| 000 | 00664nam a22002057a 4500 | ||
|---|---|---|---|
| 003 | 0 | ||
| 005 | 20240812142824.0 | ||
| 008 | 240812b xxu||||| |||| 00| 0 eng d | ||
| 020 | _a9781337788281 | ||
| 050 |
_aHF 5636 _b.W34 2020 |
||
| 100 | _aWahlen, James M. | ||
| 245 |
_aIntermediate accounting _cJames M. Wahlen |
||
| 250 | _aThird edition | ||
| 260 |
_aBoston, Massachusetts _bCengage Learning, Inc. _c2020 |
||
| 300 |
_axxxi, 1488 pages : _bcolored illustrations and photos ; _c29cm. |
||
| 504 | _aIncludes bibliographical references, appendices, and index. | ||
| 650 | _aAccounting. | ||
| 650 | _aIntermediate accounting. | ||
| 942 |
_2lcc _cBK |
||
| 999 |
_c366091 _d366091 |
||